| 000 | 00842nam a2200265 i 4500 | ||
|---|---|---|---|
| 001 | bg | ||
| 003 | BPK | ||
| 005 | 20200507113014.0 | ||
| 008 | 080429s1961 pl a f f |000 0 pol | ||
| 015 | _aPB 1961/2540 | ||
| 040 |
_aWA N _cBPK |
||
| 080 | _a621.35 | ||
| 080 | _a(083.1) | ||
| 245 | 0 | 0 |
_aPoradnik galwanotechnika / _cSt. Bagdach [et al.]. |
| 260 |
_aWarszawa : _bPaństwowe Wydawnictwa Techniczne, _c1961. |
||
| 300 |
_a704, [4] s., [1] k. tabl. : _bil. ; _c21 cm. |
||
| 490 | 1 | _aGalwanotechnika dla Praktyków. | |
| 504 | _aBibliogr. | ||
| 655 | 4 | _aPoradnik | |
| 650 | 4 | _aGalwanotechnika | |
| 700 | 1 |
_aBagdach, Stanisław _eAutor |
|
| 830 | 0 | _aGalwanotechnika dla Praktyków. | |
| 856 |
_uhttp://koha.tu.koszalin.pl/cgi-bin/koha/opac-detail.pl?biblionumber=1653 _yKatalog online BPK |
||
| 942 |
_2UKD _cKS |
||
| 999 |
_c1653 _d1653 |
||